| 000 | 00423cam a2200181ua 4500 | ||
|---|---|---|---|
| 020 | _c3.00 | ||
| 041 |
_ahin _h |
||
| 082 |
_a891.54 _bJAI/VI |
||
| 100 | _aJainendra Kumar, . | ||
| 245 |
_aVyatit / _cJainendra Kumar. _hTextual Documents |
||
| 250 |
_a3 / _b. |
||
| 260 |
_aDelhi : _bPoorvoday Prakashan , _c1962. |
||
| 300 | _a125 ; . | ||
| 365 | _a3.00 | ||
| 504 | _a | ||
| 942 | _cBK | ||
| 999 |
_c6459 _d6459 |
||